00354nam a2200145Ia 4500003000400000008004100004040001600045082001300061100001700074245003600091260003400127300001000161650001500171650002200186GCL140319s9999 xx 000 0 eng d aGCL / cGCL04a843bH M1 aHUGO, VICTOR10aLES MISERABLES / cHUGO, VICTOR a[S.N] : bGALLIMARD ، c1995 a606 P04aLITERATURE04aFRENCH LITERATURE